| 000 | 00513nam a2200205Ia 4500 | ||
|---|---|---|---|
| 003 | OSt | ||
| 005 | 20230608115604.0 | ||
| 008 | 210423s2004 xx 000 0 und d | ||
| 040 | _cAL | ||
| 041 | _aeng | ||
| 082 |
_a338.954 HINS _223 |
||
| 100 |
_aTHE HINDU _9122597 |
||
| 245 | _aSurvey of indian agriculture 2004 | ||
| 260 |
_bHindu _c2004 |
||
| 365 |
_b50 _cINR |
||
| 650 |
_aEconomics _9122598 |
||
| 650 |
_aIndian Economy _9122599 |
||
| 906 | _a2004 ; agriculture ; indian ; Survey | ||
| 942 |
_2ddc _cBK |
||
| 999 |
_c173986 _d173986 |
||